000 02021nam a2200289Ia 4500
999 _c51993
_d51993
001 18996
003 GE_BSU
005 20220920155023.0
008 181216s2008||||ge |||||||||||||| ||geo||
040 _cGE_BSU
041 _ageo
080 _a811.111 გ-95
100 _aგუმბარიძე, ჟუჟუნა
_94538
245 _aდისკურსის პრაგმატიკა, როგორც ენობრივ - კულტურული ფენომენი და მისი ვერბალურ / არაველბალური განზომილებანი : დისერტაცია
_cჟუჟუნა გუმბარიძე; სამეცნიერო ხელმძღვანელი მ. მეგრელიშვილი; ბათუმის შოთა რუსთაველის სახელმწიფო უნივერსიტეტი.
264 _aბათუმი,
_b
_c2008.
300 _a128 გვ. ;
_b30 სმ.
504 _aბიბლიოგრ.: გვ. 111-116
653 _aდისერტაცია
653 _aდისკურსის პრაგმატიკა როგორც ენობრივ-კულტურული ფენომენი და მისი ვერბალურ/არაველბალური განზომილებანი
653 _aფილოლოგია
653 _aკომუნიკაციური ლინგვისტიკა
653 _aფსიქოლინგვისტიკა
653 _aვერბალური განზომილება
700 _aმეგრელიშვილი, მ.
_eსამეცნიერო ხელმძღვანელი
_95565
710 _aბათუმის შოთა რუსთაველის სახელმწიფო უნივერსიტეტი
_911886
942 _cBK
_2udc